000 01055nam a22002897a 4500
005 20111011115456.0
008 111011t xxu||||| |||| 00| 0 eng d
010 _aENG-103939
020 _a9789380318189
_c550.00
035 _aEN-87472
037 _bDBAD/PUB
040 _aDPL
_bEng
082 _a382.0954
100 _aAfaque Ahmad Khan
_935436
245 0 0 _aTrade liberalisation and economic growth in India /
_cby Afaque Ahmad Khan
260 _aNew Delhi
_bNeha Publishers
_c2012
270 _a4832/24 A, Prahlad Lane, S-207, Ansari Road, Darya Ganj
_bNew Delhi
_e110002
300 _a223p.
_c23cm (Hb)
500 _aIncludes bibliographical references
610 _935431
650 _935432
651 _935433
700 1 _935434
942 _2ddc
_cEN
_h382.0954
_mAFA
999 _c57514
_d57514